| 000 -LEADER |
| fixed length control field |
00775nam a2200229Ia 4500 |
| 001 - CONTROL NUMBER |
| control field |
20640 |
| 003 - CONTROL NUMBER IDENTIFIER |
| control field |
GE_BSU |
| 008 - FIXED-LENGTH DATA ELEMENTS--GENERAL INFORMATION |
| fixed length control field |
181216s||||||||xx |||||||||||||| ||und|| |
| 020 ## - INTERNATIONAL STANDARD BOOK NUMBER |
| International Standard Book Number |
9785893292411 |
| 040 ## - CATALOGING SOURCE |
| Transcribing agency |
GE_BSU |
| 080 ## - UNIVERSAL DECIMAL CLASSIFICATION NUMBER |
| Universal Decimal Classification number |
7.01 |
| 100 ## - MAIN ENTRY--PERSONAL NAME |
| Personal name |
Гилберт Катрин Эверетт,Гельмунт Кун |
| 245 ## - TITLE STATEMENT |
| Title |
История Эстетики= A History of ESTHETICS |
| 245 ## - TITLE STATEMENT |
| Statement of responsibility, etc. |
Под обш.ред.В.П.Сальникова.пер.с английского,Кузнецова В.В.и Тихомировой И.С |
| 260 ## - PUBLICATION, DISTRIBUTION, ETC. |
| Place of publication, distribution, etc. |
Санкт-Петербург |
| 260 ## - PUBLICATION, DISTRIBUTION, ETC. |
| Name of publisher, distributor, etc. |
Университет |
| 260 ## - PUBLICATION, DISTRIBUTION, ETC. |
| Date of publication, distribution, etc. |
2000 |
| 300 ## - PHYSICAL DESCRIPTION |
| Extent |
653стр,22см |
| 653 ## - INDEX TERM--UNCONTROLLED |
| Uncontrolled term |
История Эстетики |
| 653 ## - INDEX TERM--UNCONTROLLED |
| Uncontrolled term |
ესთეტიკა |
| 942 ## - ADDED ENTRY ELEMENTS (KOHA) |
| Koha item type |
წიგნი |